Vizualizácia, navigácia a objavovanie vzťahov v grafoch
Enregistré dans:
| Auteur principal: | |
|---|---|
| Autres auteurs: | |
| Format: | Manuscrit Livre |
| Langue: | slovaque |
| Publié: |
2016
|
| Sujets: | |
| Accès en ligne: | http://is.stuba.sk/zp/portal_zp.pl?podrobnosti=94146 |
| Tags: |
Pas de tags, Soyez le premier à ajouter un tag!
|
MARC
| LEADER | 00000ntm a22000003a 4500 | ||
|---|---|---|---|
| 001 | stuzp29339 | ||
| 003 | SK-STU | ||
| 005 | 20180423134528.3 | ||
| 007 | ta | ||
| 008 | 150427s2015----xo-----f-mn---000-0-slo-d | ||
| 040 | |a STU |b slo | ||
| 041 | 0 | |a slo | |
| 100 | 1 | |a Mojžiš, Ján |u 070000 |4 aut |T FIIT Fakulta informatiky a informačných technológií |X 62185 |U I |Y 70 |7 62185 | |
| 242 | 0 | 1 | |a Visualization, navigation and relationship discovery in graphs |y eng |
| 245 | 1 | 0 | |a Vizualizácia, navigácia a objavovanie vzťahov v grafoch |
| 260 | |c 2016 | ||
| 650 | 4 | |a graf |2 slo | |
| 650 | 4 | |a vizualizácia |2 slo | |
| 650 | 4 | |a distribuované výpočty |2 slo | |
| 650 | 4 | |a objavovanie vzťahov |2 slo | |
| 650 | 4 | |a prepojené dáta |2 slo | |
| 650 | 4 | |a visualization |2 eng | |
| 650 | 4 | |a linked data |2 eng | |
| 650 | 4 | |a graph |2 eng | |
| 650 | 4 | |a distributed computing |2 eng | |
| 650 | 4 | |a relationship discovery |2 eng | |
| 700 | 1 | |a Laclavík, Michal |4 ths |X 47575 |7 A000047575 | |
| 856 | 4 | |u http://is.stuba.sk/zp/portal_zp.pl?podrobnosti=94146 | |